| 000 | 00745nam a22002177a 4500 | ||
|---|---|---|---|
| 003 | 0 | ||
| 005 | 20250829170246.0 | ||
| 008 | 250829b xxu||||| |||| 00| 0 eng d | ||
| 020 | _a978-1-5296-1709-2 | ||
| 050 |
_aH 61 _b.B76 2025 |
||
| 100 |
_aBrookfield, Charlotte, _eauthor. |
||
| 245 |
_aCompleting your research project : _ba guide for the social sciences / _cCharlotte Brookfield and Jamie Lewis. |
||
| 260 |
_aLondon : _bSage, _c2025. |
||
| 300 |
_axxviii, 291 pages : _billustrations ; _c25 cm. |
||
| 504 | _aIncludes bibliographical references and index. | ||
| 650 |
_aSocial sciences _xResearch _xMethodology. |
||
| 650 |
_aResearch _xMethodology. |
||
| 650 | _aReport writing. | ||
| 700 |
_aLewis, Jamie, _eauthor. |
||
| 942 |
_2lcc _cBK |
||
| 999 |
_c367704 _d367704 |
||